Britain's first socialists : the Levellers, Agitators, and Diggers of the English Revolution /

Bibliographic Details
Main Author: Brockway, Fenner, 1888-1988
Format: Book
Language:English
Published: London ; New York : Quartet Books, 1980.
Subjects:

MARC

Tag First Indicator Second Indicator Subfields
LEADER 00000pam a2200000 a 4500
001 in00000071876
005 20151008062434.0
008 810930s1980 enkaf b 00110 eng
010 |a  81017712  
020 |a 0704322072 :  |c $11.95 
035 |a (OCoLC)07876471 
035 |9 AAK0226AM 
039 0 |a 2  |b 3  |c 3  |d 3  |e 3 
040 |a DLC  |c DLC  |d TXA  |d UtOrBLW 
043 |a e-uk---  |a e-uk-en 
049 |a TXAM  |c [1672207] 
050 0 0 |a DA405  |b .B85 1980 
082 0 |a 941.06  |2 19 
100 1 |a Brockway, Fenner,  |d 1888-1988. 
245 1 0 |a Britain's first socialists :  |b the Levellers, Agitators, and Diggers of the English Revolution /  |c Fenner Brockway. 
264 1 |a London ;  |a New York :  |b Quartet Books,  |c 1980. 
300 |a xi, 168 pages, 16 unnumbered pages of plates :  |b illustrations ;  |c 23 cm. 
336 |a text  |b txt  |2 rdacontent 
337 |a unmediated  |b n  |2 rdamedia 
338 |a volume  |b nc  |2 rdacarrier 
504 |a Includes bibliographies and index. 
650 0 |a Socialism  |z England  |x History  |y 17th century. 
650 0 |a Levellers  |x History  |y 17th century. 
651 0 |a Great Britain  |x Politics and government  |y 1642-1660. 
999 |a MARS 
999 f f |s 0ddb2cd2-5866-39e9-a403-65aa2e8f4832  |i 7316384d-3e3b-335a-88ee-7ddf3ec9cfc5  |t 0 
952 f f |p ric  |a Texas A&M University  |b Rellis Campus  |c Joint Library Facility  |d Remote Storage  |t 0  |e DA405 .B85 1980  |h Library of Congress classification  |i unmediated -- volume  |m A14806096496 
998 f f |a DA405 .B85 1980  |t 0  |l Remote Storage